[Event "XV C.to Mondiale seniores"]
[Site "Lignano Sabbiadoro ITA"]
[Date "2005.10.02"]
[Round "5"]
[White "Jadrijevic, Ante"]
[Black "Altshul, Raffael"]
[Result "1/2-1/2"]
[WhiteElo "2174"]
[BlackElo "2268"]
[PlyCount "173"]
[EventDate "2005.09.28"]

1. d4 Nf6 2. c3 b6 3. Bg5 e6 4. Nd2 Bb7 5. e3 h6 6. Bh4 d6 7. f4 Nbd7 8. Ngf3
Be7 9. Bd3 Ng4 10. Bxe7 Qxe7 11. Qe2 e5 12. fxe5 dxe5 13. e4 O-O 14. O-O Ngf6
15. Rae1 c5 16. d5 Ne8 17. Bb5 Bc8 18. Nc4 Nef6 19. Qf2 Re8 20. Qd2 a6 21. Bc6
Ra7 22. a4 Rd8 23. Nh4 Nb8 24. Nxb6 Bg4 25. Qe3 Nxc6 26. dxc6 Qd6 27. Nc4 Qxc6
28. Nxe5 Qe6 29. Qxc5 Rb7 30. b4 Rd2 31. Qe3 Ra2 32. Nd3 Qc4 33. h3 Bc8 34. Nc5
Re7 35. Qd4 Qxd4+ 36. cxd4 Rb2 37. d5 Rxb4 38. d6 Re8 39. Nf5 Bxf5 40. Rxf5 Rd8
41. e5 Nd7 42. Nxa6 Rxa4 43. Nc7 Rd4 44. Rxf7 Kxf7 45. e6+ Kg6 46. e7 Rc8 47.
e8=Q+ Rxe8 48. Nxe8 Nf6 49. Re6 Kf7 50. Re7+ Kf8 51. Nxg7 Rxd6 52. Ra7 h5 53.
Nf5 Rd5 54. Nh6 Nd7 55. Nf5 Kf7 56. Nh4 Kf6 57. Ra6+ Kf7 58. Kf2 Nf6 59. Ke3
Rb5 60. Ra7+ Ke6 61. Rg7 Nd5+ 62. Kf3 Rb3+ 63. Kf2 Rb2+ 64. Kg3 Rb3+ 65. Nf3
Rb4 66. Rg5 Nf6 67. Ra5 Kf7 68. Ne5+ Ke6 69. Ng6 Nd5 70. Ra6+ Kf5 71. Nh4+ Ke5
72. Rg6 Nf6 73. Nf3+ Kf5 74. Rg7 Ra4 75. Rg5+ Ke6 76. Re5+ Kf7 77. Rb5 Ne4+ 78.
Kh2 Nf6 79. Re5 Kg6 80. Rg5+ Kf7 81. Ne5+ Ke6 82. Nd3 Rd4 83. Ne1 Ra4 84. Nd3
Rd4 85. Nf2 Rf4 86. Nd3 Rb4 87. Ne1 1/2-1/2

[Event "XV C.to Mondiale seniores"]
[Site "Lignano Sabbiadoro ITA"]
[Date "2005.10.02"]
[Round "5"]
[White "Jakobsen, Ole"]
[Black "Gerenski, Hristo"]
[Result "1/2-1/2"]
[WhiteElo "2385"]
[BlackElo "2192"]
[PlyCount "50"]
[EventDate "2005.09.28"]

1. d4 f5 2. Nc3 d5 3. Bf4 c6 4. e3 Nd7 5. Nf3 g6 6. Bd3 Bg7 7. O-O Nh6 8. Ne2
Nf7 9. c4 e6 10. cxd5 exd5 11. b4 O-O 12. Rb1 b6 13. Qb3 Bb7 14. Nc3 b5 15. a4
a6 16. Ra1 Qe7 17. Ra2 Nb6 18. Rb1 Nd6 19. Bxd6 Qxd6 20. e4 fxe4 21. Nxe4 Qe7
22. axb5 cxb5 23. Re2 Rxf3 24. gxf3 Rf8 25. Ng3 Qf6 1/2-1/2

[Event "XV C.to Mondiale seniores"]
[Site "Lignano Sabbiadoro ITA"]
[Date "2005.10.02"]
[Round "5"]
[White "Keserovic, Milan"]
[Black "Joksic, Sinisa"]
[Result "0-1"]
[WhiteElo "2232"]
[BlackElo "2282"]
[PlyCount "118"]
[EventDate "2005.09.28"]

1. e4 c5 2. Nf3 d6 3. c3 Nf6 4. Be2 Nbd7 5. d3 g6 6. O-O Bg7 7. Re1 O-O 8. a4
b6 9. Na3 Bb7 10. Qb3 Bc6 11. Bg5 a6 12. Bf1 Qc7 13. Bh4 h6 14. Nc4 b5 15. axb5
axb5 16. Rxa8 Rxa8 17. Ncd2 b4 18. cxb4 Rb8 19. e5 Rxb4 20. exd6 exd6 21. Qc2
g5 22. Bg3 Nh5 23. b3 Nxg3 24. hxg3 Nf8 25. Nc4 Ne6 26. Qd1 Rb8 27. d4 cxd4 28.
Bd3 Ra8 29. Bc2 Bd5 30. Qd3 Nc5 31. Qh7+ Kf8 32. Nh2 Be6 33. f4 Ra2 34. fxg5
hxg5 35. Nf3 Qe7 36. Bb1 Ra1 37. b4 Ne4 38. Ncd2 Nc3 39. Bd3 Rxe1+ 40. Nxe1 g4
41. Qh4 Bf6 42. Qh6+ Ke8 43. Nc2 Be5 44. Qh4 Qa7 45. Kh2 Kd7 46. Qh7 Kc6 47.
Qg8 Qc7 48. Qa8+ Kd7 49. Qa6 d5 50. Nf1 Ne4 51. Qa4+ Ke7 52. Qa3 Nxg3 53. Kg1
Nxf1 54. Kxf1 Qc3 55. Qa6 Qd2 56. Ne1 Bg3 57. Qa7+ Kf8 58. Qc5+ Kg8 59. Bh7+
Kg7 0-1

[Event "XV C.to Mondiale seniores"]
[Site "Lignano Sabbiadoro ITA"]
[Date "2005.10.02"]
[Round "5"]
[White "Khazankin, Moisei"]
[Black "Profaizer, Gino"]
[Result "0-1"]
[WhiteElo "2139"]
[BlackElo "2017"]
[PlyCount "104"]
[EventDate "2005.09.28"]

1. e4 c6 2. d4 d5 3. exd5 cxd5 4. Bf4 Nf6 5. Bd3 Nc6 6. c3 g6 7. Nf3 Bg7 8. O-O
O-O 9. h3 Bf5 10. Bxf5 gxf5 11. Ne5 e6 12. Nd2 Nxe5 13. Bxe5 Qb6 14. Rb1 Nd7
15. Bxg7 Kxg7 16. Qh5 Qd8 17. Rfe1 Qf6 18. Qe2 a6 19. Nf3 Rg8 20. Kh2 Kh8 21.
g3 Qg7 22. Rg1 Nf6 23. Ne5 Raf8 24. f3 Qg5 25. Nd3 Nh5 26. f4 Qh6 27. Rbf1 Nf6
28. Ne5 Ne4 29. Qe1 Rg7 30. Rf3 Rfg8 31. Re3 f6 32. Nd3 b6 33. Nf2 e5 34. dxe5
fxe5 35. Nd3 exf4 36. Nxf4 Nxg3 37. Nxd5 Ne4 38. Rxg7 Qxg7 39. Nf4 Qg5 40. Rf3
h5 41. Qe3 h4 42. Qxb6 Nd2 43. Qd4+ Kh7 44. Rd3 Nf1+ 45. Kh1 Ng3+ 46. Rxg3 Qxg3
47. Qd7+ Kh8 48. Qd4+ Rg7 49. c4 Kh7 50. c5 Re7 51. Ne6 Qe1+ 52. Kh2 Rxe6 0-1

[Event "XV C.to Mondiale seniores"]
[Site "Lignano Sabbiadoro ITA"]
[Date "2005.10.02"]
[Round "5"]
[White "Klundt, Klaus"]
[Black "Titz, Heimo"]
[Result "1/2-1/2"]
[WhiteElo "2382"]
[BlackElo "2184"]
[PlyCount "40"]
[EventDate "2005.09.28"]

1. e4 c5 2. Nf3 e6 3. d4 cxd4 4. Nxd4 a6 5. Bd3 Bc5 6. Nb3 Ba7 7. Qe2 Nc6 8.
Be3 d6 9. O-O Nge7 10. c4 e5 11. Bxa7 Rxa7 12. Qe3 O-O 13. Nc3 Be6 14. Rac1 Ra8
15. Rfd1 Na5 16. Nd5 Nxb3 17. axb3 Nc6 18. Bf1 Nd4 19. b4 a5 20. bxa5 Bxd5
1/2-1/2

[Event "XV C.to Mondiale seniores"]
[Site "Lignano Sabbiadoro ITA"]
[Date "2005.10.02"]
[Round "5"]
[White "Krasevec, Viktor"]
[Black "Ousatchi, Mark"]
[Result "1/2-1/2"]
[WhiteElo "2065"]
[BlackElo "2169"]
[PlyCount "35"]
[EventDate "2005.09.28"]

1. d4 d5 2. c4 e6 3. Nc3 Nf6 4. Nf3 Be7 5. e3 O-O 6. Bd3 b6 7. cxd5 exd5 8. O-O
c5 9. b3 Bg4 10. dxc5 bxc5 11. Bb2 Nc6 12. Rc1 Rc8 13. h3 Bxf3 14. Qxf3 Ne5 15.
Qe2 Nxd3 16. Qxd3 c4 17. Qd4 Bc5 18. Qh4 1/2-1/2

[Event "XV C.to Mondiale seniores"]
[Site "Lignano Sabbiadoro ITA"]
[Date "2005.10.02"]
[Round "5"]
[White "Limberg, Siegfried"]
[Black "Trifunovic, Dusan"]
[Result "1/2-1/2"]
[WhiteElo "2143"]
[BlackElo "2019"]
[PlyCount "84"]
[EventDate "2005.09.28"]

1. d4 Nf6 2. Nf3 d5 3. e3 Bg4 4. Be2 Nc6 5. Nbd2 a6 6. O-O e6 7. b3 Ne7 8. Bb2
Ng6 9. Ne5 Bxe2 10. Qxe2 Bd6 11. f4 Qe7 12. a3 Nd7 13. c4 c6 14. e4 O-O 15.
Nxd7 Qxd7 16. e5 Be7 17. c5 b5 18. Rae1 f5 19. exf6 Rxf6 20. g3 Bd8 21. Nf3 Ba5
22. b4 Bc7 23. Bc1 h6 24. Qd3 a5 25. Bd2 a4 26. Re2 Raf8 27. Rfe1 Re8 28. Qc2
Nf8 29. Nh4 Qf7 30. f5 g5 31. fxg6 Nxg6 32. Nxg6 Qxg6 33. Qxg6+ Rxg6 34. Rf1 e5
35. Rfe1 e4 36. Be3 Rf8 37. Rf1 Rxf1+ 38. Kxf1 Kg7 39. Rf2 Bd8 40. Ke2 Rf6 41.
Bf4 Kg6 42. Ke3 Rf7 1/2-1/2

[Event "XV C.to Mondiale seniores"]
[Site "Lignano Sabbiadoro ITA"]
[Date "2005.10.02"]
[Round "5"]
[White "Ljubarskij, Juri"]
[Black "Chernikov, Oleg L."]
[Result "0-1"]
[WhiteElo "2290"]
[BlackElo "2410"]
[PlyCount "70"]
[EventDate "2005.09.28"]

1. e4 c5 2. Nc3 Nc6 3. f4 e6 4. Nf3 a6 5. d3 d5 6. g3 Nf6 7. e5 d4 8. Ne2 Nd5
9. Bg2 Be7 10. O-O O-O 11. g4 f6 12. Ng3 fxe5 13. Nxe5 Nxe5 14. fxe5 Rxf1+ 15.
Qxf1 Bg5 16. Ne4 Bxc1 17. Rxc1 Qe7 18. c3 Bd7 19. cxd4 Rf8 20. Qe1 cxd4 21. Rc4
Ne3 22. Rc7 Qd8 23. Rxb7 Qc8 24. Rb6 Nxg4 25. Rd6 Nxe5 26. Rxd4 Qc2 27. Nf2
Qxb2 28. Qxe5 Qxf2+ 29. Kh1 Bc6 30. Qxe6+ Kh8 31. Re4 Bxe4 32. Qxe4 Qxa2 33. h4
Qa1+ 34. Kh2 Qf6 35. Qe1 Qd6+ 0-1

[Event "XV C.to Mondiale seniores"]
[Site "Lignano Sabbiadoro ITA"]
[Date "2005.10.02"]
[Round "5"]
[White "Loda', Domenico"]
[Black "Standal, Bard"]
[Result "0-1"]
[WhiteElo "1659"]
[BlackElo "1937"]
[PlyCount "90"]
[EventDate "2005.09.28"]

1. e4 c5 2. Nf3 d6 3. d4 cxd4 4. Nxd4 Nf6 5. Nc3 a6 6. Bg5 e6 7. f4 Nbd7 8. Qf3
Qc7 9. Bd3 Be7 10. O-O-O b5 11. Rhe1 Bb7 12. Qh3 Rc8 13. Kb1 b4 14. Nd5 Bxd5
15. exd5 Nxd5 16. Nxe6 fxe6 17. Qh5+ Kd8 18. Rxe6 N7f6 19. Qe2 Qb6 20. Bxf6
gxf6 21. g3 Nc3+ 22. bxc3 bxc3+ 23. Bb5 Qxb5+ 24. Qxb5 axb5 25. a3 Kd7 26. f5
Rc5 27. Re3 Rhc8 28. g4 Re5 29. Rh3 Rh8 30. Rxc3 Re2 31. h3 Rc8 32. Rxc8 Kxc8
33. Rd3 Kc7 34. Kb2 Kc6 35. Rc3+ Kd7 36. Kb3 Re5 37. Kb4 d5+ 38. Ka5 b4 39. Rd3
bxa3 40. Rd1 Kc6 41. Ka4 Re3 42. Rh1 a2 43. c3 Rxc3 44. Rc1 Rxc1 45. Kb3 a1=Q
0-1

[Event "XV C.to Mondiale seniores"]
[Site "Lignano Sabbiadoro ITA"]
[Date "2005.10.02"]
[Round "5"]
[White "Luecke, Volkmar"]
[Black "Tavcar, Rado"]
[Result "0-1"]
[WhiteElo "2017"]
[BlackElo "2110"]
[PlyCount "114"]
[EventDate "2005.09.28"]

1. Nf3 f5 2. e4 fxe4 3. Ng5 d5 4. d3 Qd6 5. dxe4 h6 6. Nf3 dxe4 7. Qxd6 exd6 8.
Nh4 Ne7 9. g3 g5 10. Ng2 Bg7 11. c3 Nd7 12. h4 Ne5 13. Be2 g4 14. O-O d5 15.
Nf4 c6 16. Nh5 O-O 17. Nxg7 Kxg7 18. Be3 Nf5 19. Bf4 Nf3+ 20. Kh1 Be6 21. Bxf3
gxf3 22. Be5+ Kg6 23. Nd2 Rfe8 24. Rfe1 Rad8 25. Nb3 b6 26. Nd4 c5 27. Nxf5
Bxf5 28. Bf4 Bc8 29. Rad1 Ba6 30. Rd2 Be2 31. Be3 Rd7 32. b4 Rc8 33. bxc5 bxc5
34. Rb1 Bd3 35. Rbb2 d4 36. cxd4 cxd4 37. Bf4 Rc1+ 38. Kh2 Re1 39. Rb8 e3 40.
Rxd3 exf2 41. Rxf3 f1=Q 42. Rxf1 Rxf1 43. Kg2 Ra1 44. Rb2 d3 45. Rd2 h5 46. Kf3
Kf5 47. Rb2 Rd5 48. Bd2 Rf1+ 49. Kg2 Rd1 50. Bf4 Ke4 51. Rb4+ Rd4 52. Rb5 d2
53. Re5+ Kd3 54. Bxd2 Rxd2+ 55. Kf3 Rxa2 56. Rxh5 Ra3 57. Rc5 Kd2+ 0-1

[Event "XV C.to Mondiale seniores"]
[Site "Lignano Sabbiadoro ITA"]
[Date "2005.10.02"]
[Round "5"]
[White "Maissenbacher, Werner"]
[Black "Peierl, Walter"]
[Result "1/2-1/2"]
[WhiteElo "1981"]
[BlackElo "2096"]
[PlyCount "74"]
[EventDate "2005.09.28"]

1. e4 e6 2. d4 d5 3. Nc3 Bb4 4. e5 Ne7 5. a3 Bxc3+ 6. bxc3 c5 7. Qg4 cxd4 8.
cxd4 Nbc6 9. Nf3 Bd7 10. Bd3 Qb6 11. O-O O-O-O 12. Be3 f5 13. Qh3 h6 14. Rfb1
Qc7 15. g3 g5 16. Qf1 b6 17. a4 Na5 18. Ba6+ Kb8 19. Bd2 Nec6 20. Ra3 Bc8 21.
Bd3 g4 22. Nh4 Nc4 23. Bxc4 dxc4 24. a5 Bb7 25. axb6 axb6 26. Be3 Nxd4 27. c3
Qc6 28. f3 Nb3 29. Raxb3 cxb3 30. Rxb3 gxf3 31. Rxb6 f2+ 32. Kxf2 Qxc3 33.
Rxb7+ Kxb7 34. Qb5+ Kc8 35. Qa6+ Kb8 36. Qb6+ Kc8 37. Qa6+ Kb8 1/2-1/2

[Event "XV C.to Mondiale seniores"]
[Site "Lignano Sabbiadoro ITA"]
[Date "2005.10.02"]
[Round "5"]
[White "Malmdin, Nils Ake"]
[Black "Gutzeit, Avraham"]
[Result "0-1"]
[WhiteElo "2222"]
[BlackElo "2091"]
[PlyCount "116"]
[EventDate "2005.09.28"]

1. e4 d6 2. d4 g6 3. Nc3 Bg7 4. Nf3 Bg4 5. Be3 c6 6. Bc4 e6 7. Qd2 Bxf3 8. gxf3
d5 9. Be2 Nd7 10. O-O-O Qa5 11. Kb1 b5 12. exd5 exd5 13. Rde1 Kf8 14. Bf4 Bf6
15. Bd6+ Kg7 16. h4 h5 17. f4 Nh6 18. Bxh5 Nf5 19. Bg4 Nxd6 20. Bxd7 Nc4 21.
Qd3 Qb4 22. Nd1 Rxh4 23. c3 Rxh1 24. Rxh1 Qd6 25. Qh3 Qxf4 26. Qh7+ Kf8 27.
Qh6+ Qxh6 28. Rxh6 Na5 29. Kc2 Rd8 30. Bg4 Kg7 31. Rh1 Nc4 32. Kd3 Bg5 33. b3
Nd6 34. Rg1 Bf4 35. Ne3 Ne4 36. Rg2 Re8 37. Nc2 Re7 38. Nb4 Rc7 39. Bf3 f5 40.
Kc2 Kf6 41. Nd3 Bd6 42. Be2 a6 43. Ne5 Bxe5 44. dxe5+ Kxe5 45. f3 Nc5 46. Rxg6
Ne6 47. Rh6 Rg7 48. Rh2 c5 49. a3 Nf4 50. Bf1 Rg3 51. Rf2 c4 52. bxc4 bxc4 53.
Kd2 Rg6 54. Rh2 Rb6 55. Rh8 Rb1 56. Re8+ Kf6 57. Rf8+ Kg6 58. Ke3 Ne6 0-1

[Event "XV C.to Mondiale seniores"]
[Site "Lignano Sabbiadoro ITA"]
[Date "2005.10.02"]
[Round "5"]
[White "Masich, Vladimir"]
[Black "Kristiansen, Erling"]
[Result "1/2-1/2"]
[WhiteElo "2072"]
[BlackElo "2266"]
[PlyCount "81"]
[EventDate "2005.09.28"]

1. c4 Nf6 2. Nc3 c5 3. g3 d5 4. cxd5 Nxd5 5. Bg2 Nc7 6. Nf3 Nc6 7. d3 e5 8. Be3
Be7 9. O-O Be6 10. Na4 b6 11. Ng5 Bd5 12. Ne4 f5 13. Nec3 Bxg2 14. Kxg2 Nd4 15.
b3 O-O 16. f3 Qd7 17. Bf2 Rad8 18. Nb2 Qe6 19. e3 Nc6 20. Qe2 Bf6 21. Rac1 e4
22. dxe4 fxe4 23. Nxe4 Bxb2 24. Qxb2 Ne5 25. Qc2 Nxf3 26. Rcd1 Nd5 27. Nc3 Ng5
28. Nxd5 Rxd5 29. Qc4 Rfd8 30. Rxd5 Rxd5 31. Be1 b5 32. Qf4 h6 33. h4 Qe4+ 34.
Qxe4 Nxe4 35. Rf4 Nd6 36. e4 Rd1 37. e5 Rxe1 38. exd6 Re5 39. d7 Rd5 40. Rf5
Rxd7 41. Rxc5 1/2-1/2

[Event "XV C.to Mondiale seniores"]
[Site "Lignano Sabbiadoro ITA"]
[Date "2005.10.02"]
[Round "5"]
[White "Miessner, Rolf"]
[Black "Araujo, Mario Augusto Reis Da Silva"]
[Result "0-1"]
[WhiteElo "1773"]
[BlackElo "1957"]
[PlyCount "116"]
[EventDate "2005.09.28"]

1. e4 c5 2. Nc3 d6 3. g3 Nc6 4. Bg2 g6 5. Nge2 Bg7 6. d3 e5 7. O-O Nge7 8. f4
exf4 9. Bxf4 Ne5 10. Bg5 h6 11. Bf6 Bxf6 12. Rxf6 Nf5 13. Rxf5 gxf5 14. exf5
Bd7 15. Nd5 Qa5 16. Nf6+ Ke7 17. Nxd7 Kxd7 18. Nc3 h5 19. Nd5 Raf8 20. Nf6+ Kc8
21. Nxh5 Rh6 22. Nf4 Rfh8 23. h3 Qd8 24. Qe2 Qg5 25. Qe4 Nc6 26. g4 Qf6 27. c3
Rd8 28. Nd5 Qe5 29. Re1 Re8 30. Re3 Rhh8 31. Qf3 Qg7 32. Ne7+ Kd7 33. Nxc6 Rxe3
34. Qxe3 bxc6 35. Qe4 Rc8 36. d4 d5 37. Qf4 cxd4 38. cxd4 Qf8 39. f6 Qd6 40.
Qf2 Rg8 41. Bf1 Rg6 42. Bd3 Rg8 43. Kg2 Qb4 44. b3 Qc3 45. Bf5+ Kc7 46. Qg3+
Qxg3+ 47. Kxg3 Kd6 48. h4 c5 49. dxc5+ Kxc5 50. g5 Kd6 51. Kg4 Ke5 52. h5 Rb8
53. Bd7 d4 54. h6 d3 55. Kh5 Rb4 56. h7 d2 57. Kh6 d1=Q 58. h8=Q Rh4+ 0-1

[Event "XV C.to Mondiale seniores"]
[Site "Lignano Sabbiadoro ITA"]
[Date "2005.10.02"]
[Round "5"]
[White "Ofstad, Per"]
[Black "Gousseinov, Aguif"]
[Result "1-0"]
[WhiteElo "2164"]
[BlackElo "2066"]
[PlyCount "87"]
[EventDate "2005.09.28"]

1. c4 Nf6 2. Nc3 e6 3. d4 Bb4 4. Qc2 c5 5. e3 Nc6 6. Nf3 d6 7. dxc5 dxc5 8. Be2
Bxc3+ 9. Qxc3 Qa5 10. Qxa5 Nxa5 11. Bd2 Nc6 12. Bc3 Ne4 13. Bxg7 Rg8 14. Be5
Nxe5 15. Nxe5 f6 16. Nd3 b6 17. Bf3 Bb7 18. Ke2 O-O-O 19. Rhd1 e5 20. g3 Rg7
21. Ne1 Rxd1 22. Rxd1 Kc7 23. Bxe4 Bxe4 24. f3 Bc6 25. e4 h5 26. Ng2 a6 27. Ne3
Rg8 28. Nf5 b5 29. cxb5 axb5 30. a3 c4 31. Kd2 b4 32. axb4 Ba4 33. Ra1 Rd8+ 34.
Ke2 Bb5 35. Ke1 Rd3 36. Ra3 Rd8 37. Ne3 Kd6 38. Ra5 Kc6 39. Nd5 f5 40. Nc3 fxe4
41. Rxb5 exf3 42. Rc5+ Kb6 43. Rxe5 f2+ 44. Kxf2 1-0

[Event "XV C.to Mondiale seniores"]
[Site "Lignano Sabbiadoro ITA"]
[Date "2005.10.02"]
[Round "5"]
[White "Ollek, Karl Heinz"]
[Black "Smits, Oswald"]
[Result "1/2-1/2"]
[WhiteElo "1807"]
[BlackElo "1962"]
[PlyCount "81"]
[EventDate "2005.09.28"]

1. c4 c5 2. Nc3 Nf6 3. g3 Nc6 4. Bg2 e6 5. Nf3 Be7 6. O-O d5 7. cxd5 Nxd5 8.
Nxd5 Qxd5 9. d3 O-O 10. Ng5 Qd7 11. Rb1 h6 12. Ne4 b6 13. Qa4 Bb7 14. Be3 Rfd8
15. a3 Nd4 16. Qd1 Nf5 17. Bf4 Kh8 18. Be5 Qd5 19. Bc3 Nd4 20. e3 Nb5 21. Qf3
Nxc3 22. bxc3 Qxd3 23. Rfd1 Qxe4 24. Qxe4 Bxe4 25. Bxe4 Rxd1+ 26. Rxd1 Rd8 27.
Rxd8+ Bxd8 28. c4 Kg8 29. Kf1 Kf8 30. Ke2 Ke7 31. Kd3 Kd6 32. a4 f5 33. Bb7 Kc7
34. Bg2 g5 35. f4 Kd6 36. h3 e5 37. fxe5+ Kxe5 38. Bb7 f4 39. gxf4+ gxf4 40.
exf4+ Kxf4 41. Bc6 1/2-1/2

[Event "XV C.to Mondiale seniores"]
[Site "Lignano Sabbiadoro ITA"]
[Date "2005.10.02"]
[Round "5"]
[White "Pagnutti, Lorenzo"]
[Black "Frank, Albert"]
[Result "1-0"]
[WhiteElo "2014"]
[BlackElo "2050"]
[PlyCount "57"]
[EventDate "2005.09.28"]

1. e4 c5 2. c3 d5 3. exd5 Qxd5 4. d4 e5 5. dxe5 Qxd1+ 6. Kxd1 Nc6 7. Bb5 Bd7 8.
Nf3 O-O-O 9. Bg5 f6 10. exf6 gxf6 11. Be3 Nh6 12. Nbd2 Rg8 13. Rg1 Nf5 14. Bf4
Nd6 15. Bd3 c4 16. Bxd6 cxd3 17. Bxf8 Rgxf8 18. Re1 Rg8 19. Nh4 Ne5 20. f3 Bc6
21. b3 Ng6 22. Nf5 Kc7 23. Ne4 Ne5 24. Nh4 Ng6 25. Nf5 Nf4 26. g3 d2 27. Nxd2
Bxf3+ 28. Kc2 Ng2 29. Re7+ 1-0

[Event "XV C.to Mondiale seniores"]
[Site "Lignano Sabbiadoro ITA"]
[Date "2005.10.02"]
[Round "5"]
[White "Parla, Aldo"]
[Black "Gennari, Giuseppe"]
[Result "1/2-1/2"]
[WhiteElo "1610"]
[BlackElo "1619"]
[PlyCount "56"]
[EventDate "2005.09.28"]

1. f4 f5 2. Nf3 Nf6 3. e3 e6 4. c4 Be7 5. Nc3 O-O 6. Be2 c5 7. O-O Nc6 8. d4 d5
9. Ne5 cxd4 10. Nxc6 bxc6 11. exd4 Bd7 12. Be3 Rb8 13. b3 Bb4 14. Qc2 Bxc3 15.
Qxc3 Qe7 16. c5 Ne4 17. Qa5 Bc8 18. Bd3 Qf7 19. Bxe4 fxe4 20. Qd2 Rb7 21. Qf2
Qf5 22. Qh4 Rbf7 23. Rf2 Rf6 24. g4 Qg6 25. Rg2 Qf7 26. g5 Rf5 27. Rf1 g6 28.
Rgf2 Qb7 1/2-1/2

[Event "XV C.to Mondiale seniores"]
[Site "Lignano Sabbiadoro ITA"]
[Date "2005.10.02"]
[Round "5"]
[White "Pipitone, Antonio"]
[Black "Kock, Hans-Uwe"]
[Result "0-1"]
[WhiteElo "2041"]
[BlackElo "2127"]
[PlyCount "80"]
[EventDate "2005.09.28"]

1. e4 c6 2. d4 d5 3. Nc3 g6 4. Nf3 Bg4 5. Be2 e6 6. h3 Bxf3 7. Bxf3 Ne7 8. O-O
Bg7 9. Be3 O-O 10. Qd2 dxe4 11. Nxe4 Nf5 12. c3 Nxe3 13. Qxe3 Nd7 14. Rad1 Qc7
15. c4 Rfd8 16. b3 a5 17. a4 Nf6 18. Nc3 Rac8 19. Rd3 Rd7 20. Rfd1 Re8 21. g4
h6 22. Bg2 Rde7 23. f4 Qb6 24. Ne2 Nd7 25. Kh1 c5 26. Qf3 cxd4 27. Rxd4 Bxd4
28. Nxd4 Nc5 29. Nb5 Rd8 30. f5 Rxd1+ 31. Qxd1 Rd7 32. Qb1 Qd8 33. Nc3 gxf5 34.
gxf5 Qg5 35. fxe6 fxe6 36. Qe1 Rg7 37. Bf3 Qg3 38. Qxg3 Rxg3 39. Ne4 Nxe4 40.
Bxe4 Rxh3+ 0-1

[Event "XV C.to Mondiale seniores"]
[Site "Lignano Sabbiadoro ITA"]
[Date "2005.10.02"]
[Round "5"]
[White "Samarian, Cornel"]
[Black "Haug, Sverre"]
[Result "0-1"]
[WhiteElo "1673"]
[BlackElo "1924"]
[PlyCount "56"]
[EventDate "2005.09.28"]

1. c4 Nf6 2. Nc3 e6 3. g3 c5 4. Bg2 d5 5. cxd5 exd5 6. d4 cxd4 7. Qxd4 Be7 8.
e3 Nc6 9. Qd1 Be6 10. Nge2 Qd7 11. O-O O-O-O 12. a3 g5 13. b4 h5 14. Bb2 h4 15.
Nd4 Bh3 16. f3 Bxg2 17. Kxg2 hxg3 18. hxg3 Qh3+ 19. Kf2 Qh2+ 20. Ke1 Qxb2 21.
Na4 Qh2 22. Nf5 Kb8 23. b5 Ne5 24. Nxe7 Qxg3+ 25. Kd2 d4 26. e4 Rh2+ 27. Kc1
Nc4 28. Qd3 Qf4+ 0-1

[Event "XV C.to Mondiale seniores"]
[Site "Lignano Sabbiadoro ITA"]
[Date "2005.10.02"]
[Round "5"]
[White "Schumacher, Helmut"]
[Black "Neumann, Horst"]
[Result "1/2-1/2"]
[WhiteElo "2119"]
[BlackElo "2003"]
[PlyCount "63"]
[EventDate "2005.09.28"]

1. d4 d5 2. Nc3 Nf6 3. Bg5 Nbd7 4. Nf3 c6 5. e3 Qb6 6. Rb1 e6 7. Bd3 Bd6 8. O-O
h6 9. Bxf6 Nxf6 10. e4 Be7 11. e5 Nd7 12. Ne2 c5 13. c3 cxd4 14. cxd4 O-O 15.
Nf4 Rd8 16. a3 Nf8 17. Re1 Bd7 18. Qe2 Rdc8 19. h4 Qd8 20. g3 Rc7 21. Nh2 f5
22. exf6 Bxf6 23. Nf3 Rac8 24. Ne5 Bxe5 25. dxe5 Be8 26. Qg4 Qe7 27. Re2 Rc1+
28. Rxc1 Rxc1+ 29. Kh2 a6 30. h5 Bf7 31. Ng6 Rc4 32. Qf3 1/2-1/2

[Event "XV C.to Mondiale seniores"]
[Site "Lignano Sabbiadoro ITA"]
[Date "2005.10.02"]
[Round "5"]
[White "Schwertel, Johann"]
[Black "Thonig, Manfred"]
[Result "1-0"]
[WhiteElo "2068"]
[BlackElo "1836"]
[PlyCount "39"]
[EventDate "2005.09.28"]

1. d4 f5 2. g3 Nf6 3. Bg2 d5 4. c4 e6 5. Nc3 Bb4 6. cxd5 exd5 7. Nf3 Ne4 8. Qb3
Nc6 9. O-O Be6 10. a3 Bxc3 11. bxc3 O-O 12. Bf4 b6 13. Ne5 Na5 14. Qc2 c5 15.
f3 Nd6 16. dxc5 bxc5 17. e4 d4 18. cxd4 cxd4 19. Nc6 Ndc4 20. Nxd8 1-0

[Event "XV C.to Mondiale seniores"]
[Site "Lignano Sabbiadoro ITA"]
[Date "2005.10.02"]
[Round "5"]
[White "Seuss, Oswald"]
[Black "Sevenyuk, Alexey"]
[Result "1/2-1/2"]
[WhiteElo "2080"]
[BlackElo "1836"]
[PlyCount "119"]
[EventDate "2005.09.28"]

1. e4 e6 2. d4 d5 3. Nd2 Nf6 4. e5 Nfd7 5. Bd3 c5 6. c3 Nc6 7. Ne2 cxd4 8. cxd4
f6 9. exf6 Nxf6 10. Nf3 Bd6 11. O-O O-O 12. Nc3 e5 13. dxe5 Nxe5 14. Be2 Kh8
15. Bg5 Nxf3+ 16. Bxf3 d4 17. Ne4 Be5 18. Qd2 Nxe4 19. Bxe4 Qd6 20. f4 Bf6 21.
Bxf6 Rxf6 22. Rad1 Qd8 23. h3 Qb6 24. b3 Be6 25. f5 Bg8 26. Qf2 Rd6 27. Rd2
Rad8 28. Rfd1 Qb4 29. Qf3 b6 30. g4 Qc5 31. Kg2 Bd5 32. Bxd5 Qxd5 33. Qxd5 Rxd5
34. Kf3 R5d7 35. Rd3 Kg8 36. Kf4 Kf7 37. g5 Rd5 38. a4 h6 39. h4 hxg5+ 40. hxg5
g6 41. f6 Rf5+ 42. Kg4 Rdd5 43. Rxd4 Rxg5+ 44. Kf4 Rgf5+ 45. Kg4 Rxd4+ 46. Rxd4
Kxf6 47. Rd7 Ra5 48. Kf4 g5+ 49. Ke4 Ke6 50. Rg7 Kd6 51. Kd4 Ke6 52. Ke4 Kf6
53. Rc7 Kg6 54. Kf3 Kf5 55. Rg7 b5 56. axb5 Rxb5 57. Rf7+ Kg6 58. Rxa7 Rxb3+
59. Kg4 Rb4+ 60. Kg3 1/2-1/2

[Event "XV C.to Mondiale seniores"]
[Site "Lignano Sabbiadoro ITA"]
[Date "2005.10.02"]
[Round "5"]
[White "Shestoperov, Aleksej"]
[Black "Zelkind, Eduard"]
[Result "1/2-1/2"]
[WhiteElo "2432"]
[BlackElo "2257"]
[PlyCount "92"]
[EventDate "2005.09.28"]

1. d4 Nf6 2. c4 g6 3. Nc3 Bg7 4. Bg5 d6 5. e3 Nbd7 6. Be2 e5 7. Nf3 O-O 8. Qc2
c6 9. Rd1 Qc7 10. O-O Re8 11. dxe5 dxe5 12. Nd2 a5 13. a3 Nc5 14. b4 axb4 15.
axb4 Ne6 16. Bh4 Nf8 17. c5 Nd5 18. Qb3 Be6 19. Bc4 Nxc3 20. Qxc3 e4 21. Qc2
Qe5 22. Bxe6 Rxe6 23. Rb1 Qh5 24. Bg3 Qe2 25. Rfe1 Qg4 26. h3 Qf5 27. Nc4 Re7
28. Red1 g5 29. b5 g4 30. Nd6 Qe6 31. bxc6 bxc6 32. hxg4 Qxg4 33. Rdc1 h5 34.
Rd1 Qg5 35. Rb6 Ng6 36. Qd2 h4 37. Bf4 Nxf4 38. exf4 Qg4 39. Qe3 Bh6 40. Qh3
Qxh3 41. gxh3 Bxf4 42. Re1 e3 43. fxe3 Ra2 44. e4 Re5 45. Nf5 Rxc5 46. Rxc6
Rxc6 1/2-1/2

[Event "XV C.to Mondiale seniores"]
[Site "Lignano Sabbiadoro ITA"]
[Date "2005.10.02"]
[Round "5"]
[White "Siegmund, Rainer"]
[Black "Hohler, Peter"]
[Result "1/2-1/2"]
[WhiteElo "2128"]
[BlackElo "2228"]
[PlyCount "31"]
[EventDate "2005.09.28"]

1. d4 Nf6 2. c4 e6 3. Nc3 Bb4 4. Qc2 O-O 5. a3 Bxc3+ 6. Qxc3 b6 7. Bg5 Bb7 8.
f3 h6 9. Bh4 d5 10. e3 Nbd7 11. cxd5 Nxd5 12. Bxd8 Nxc3 13. Bh4 Nd5 14. Bf2 f5
15. Bb5 c6 16. Bd3 1/2-1/2

[Event "XV C.to Mondiale seniores"]
[Site "Lignano Sabbiadoro ITA"]
[Date "2005.10.02"]
[Round "5"]
[White "Somogyi, Istvan"]
[Black "Arkhangelsky, Boris"]
[Result "1/2-1/2"]
[WhiteElo "2242"]
[BlackElo "2384"]
[PlyCount "79"]
[EventDate "2005.09.28"]

1. d4 Nf6 2. c4 c5 3. e3 g6 4. Nf3 Bg7 5. Nc3 O-O 6. Be2 cxd4 7. Nxd4 Nc6 8.
O-O Nxd4 9. exd4 d5 10. cxd5 Nxd5 11. Bf3 Be6 12. Re1 Re8 13. Bg5 Qd7 14. Qd2
Nxc3 15. bxc3 Rac8 16. Qb2 b6 17. a4 Qc7 18. Bd2 Bc4 19. g3 e5 20. dxe5 Bxe5
21. Re3 Be6 22. Rae1 Bd7 23. Qb3 Bf6 24. Bd5 Rxe3 25. Rxe3 Bc6 26. Rf3 Bxd5 27.
Qxd5 Qc5 28. c4 Qxd5 29. cxd5 Be5 30. Rd3 Bd6 31. a5 b5 32. a6 Kf8 33. Rb3 Rb8
34. Be3 b4 35. Kf1 Rb5 36. Bxa7 Ra5 37. Be3 Rxa6 38. Bd2 Rb6 39. Ke2 Rb5 40.
Ke3 1/2-1/2